| 000 | 00507nam a2200157 i 4500 | ||
|---|---|---|---|
| 001 | 86885 | ||
| 003 | ES-MaACL | ||
| 005 | 20230906175538.0 | ||
| 007 | t| | ||
| 008 | 041216s1950 sp ||||1| spa d | ||
| 100 | 1 |
_aKirkpatrick y O'Donell, Carlos. _968133 |
|
| 245 | 1 | 3 |
_aEl arte ecuestre _b: doma, obstáculos, alta-escuela / _cCarlos Kirkpatrick y O'Donell. |
| 260 |
_aMadrid : _bGran Capitán, _c1950 ( _fMurillo) |
||
| 300 |
_a226 p., 29 lám. : _bil. ; _c21 cm. |
||
| 852 |
_aES-MaACL _jB-12799 _bR.29223 |
||
| 999 |
_c86885 _d86885 |
||